Municípios da Região Geográfica Intermediária de Curitiba, Paraná - Statistics

Estatísticas Gerais
  • Esse quiz foi jogado 5 vezes
  • A pontuação média é 38 de 45
Estatísticas das Respostas
Inicial Nome das Cidades % Correto
A Adrianópolis
100%
A Almirante Tamandaré
100%
A Antonina
100%
B Balsa Nova
100%
C Campo do Tenente
100%
C Campo Largo
100%
C Campo Magro
100%
C Colombo
100%
C Contenda
100%
C Curitiba
100%
F Fazenda Rio Grande
100%
G Guaraqueçaba
100%
G Guaratuba
100%
I Itaperuçu
100%
L Lapa
100%
M Mandirituba
100%
M Matinhos
100%
M Morretes
100%
P Paranaguá
100%
P Piên
100%
P Pinhais
100%
P Piraquara
100%
P Pontal do Paraná
100%
Q Quitandinha
100%
R Rio Branco do Sul
100%
S São José dos Pinhais
100%
T Tijucas do Sul
100%
T Tunas do Paraná
100%
A Agudos do Sul
75%
A Araucária
75%
B Bocaiúva do Sul
75%
C Campina Grande do Sul
75%
C Cerro Azul
75%
D Doutor Ulysses
75%
Q Quatro Barras
75%
R Rio Negro
75%
U União da Vitória
75%
A Antônio Olinto
50%
G General Carneiro
50%
S São Mateus do Sul
50%
B Bituruna
25%
C Cruz Machado
25%
P Paula Freitas
25%
P Paulo Frontin
25%
P Porto vitória
25%
Nenhum quiz correspondente encontrado
Distribuição das Pontuações
Porcentagem de Pessoas com Cada Pontuação
Percentil de Números Respondidos
Sua Pontuação Histórica
Você não jogou esse quiz